000 00531cam a22002291 4500
001 sa 66003370
003 DLC
005 20260227112235.0
008 890328s1962 xx 000 0 tam
010 _asa 66003370
035 _a(OCoLC)23549938
040 _aDLC
_cMiU
_dDLC
042 _apremarc
050 0 0 _aPL4758.6
_b.I7
100 1 _aIrācēntiran̲, Ma.
_ecomp.
245 1 0 _aCuvai.
260 _c[1962]
300 _a9, 75 p.
_bport.
_c18 cm.
500 _aIn Tamil.
500 _aPoems.
650 0 _aTamil poetry
999 _c68846
_d68846